000 00819nam a2200241 a 4500
001 BRCA_6497
005 20190320205500.0
008 260911s1907----gw-#######---#000-0#eng-#
041 _aeng
044 _agw
050 4 _aPZ3
_b.B75 14 1907
100 1 _aZangwill, Israel
_d1864-1926
_916242
245 1 0 _aGuetto comedies
_cby Israel Zangwill.
260 _aLepzig, Alemania
_bBernhard Tauchnitz
_c1907
300 _a2 v.
_c16 cm.
440 0 _aCollection of British authors. Tauchnitz edition
_vv. 3982-83
_916243
500 _aEstado físico: cubierta deteriorada en ambos volúmenes
500 _aVer también CEF6, H144, L2, L15, L16, L17, L18, L19, L20, L22, L23, L24, L25, L26, L32, L166, N9, N11, N12, N13 y N17
500 _aL27
650 1 4 _aLiteratura inglesa
_916244
902 _aGFM
942 _2lcc
_cB
999 _c6181
_d6181